Resonance Journal of Science Education (Record no. 22673)

MARC details
000 -LEADER
fixed length control field 00350nas a22001337a 4500
003 - CONTROL NUMBER IDENTIFIER
control field VITAP
005 - DATE AND TIME OF LATEST TRANSACTION
control field 20181117143933.0
008 - FIXED-LENGTH DATA ELEMENTS--GENERAL INFORMATION
fixed length control field 181030b ||||| |||| 00| 0 eng d
022 ## - INTERNATIONAL STANDARD SERIAL NUMBER
International Standard Serial Number 0971-8044
040 ## - CATALOGING SOURCE
Transcribing agency VITAP
245 ## - TITLE STATEMENT
Title Resonance Journal of Science Education
260 ## - PUBLICATION, DISTRIBUTION, ETC.
Place of publication, distribution, etc. Bengaluru
Name of publisher, distributor, etc. Indian Academy of Science
Date of publication, distribution, etc. 2018
942 ## - ADDED ENTRY ELEMENTS (KOHA)
Source of classification or shelving scheme Dewey Decimal Classification
Koha item type Printed Journal
Serial record 1

No items available.

Visitor Number: